| 000 | 01033 a2200241 4500 | ||
|---|---|---|---|
| 001 | 40846 | ||
| 005 | 20260407155703.0 | ||
| 008 | 260407a2013 arg spa d | ||
| 003 | AR-UNSa-BCEJYS | ||
| 040 |
_aAR-UNSa-BCEJYS _bspa _cAR-UNSa-BCEJYS |
||
| 080 |
_a94:33 _xHistoria económica |
||
| 245 | 1 | 0 |
_aHistoria económica mundial _puna breve introducción |
| 020 | _a978-84-206-7583-1 | ||
| 264 | 1 |
_aMadrid : _bAlianza Editorial _c2013 |
|
| 300 |
_a253 p. _c18 cm. |
||
| 505 | _a1. La gran divergencia - 2. El progreso de Occidente - 3. La revolución industrial - 4. El despegue de los países ricos - 5. Los grandes imperios - 6. Las Américas - 7. África - 8. El modelo clásico y la industrialización tardía - 9. El gran impulso a la industrialización | ||
| 041 | _aspa | ||
| 942 | _cBK | ||
| 590 | _aniveau_biblio:m niveau_hierar:0 | ||
| 100 | 1 | _aAllen, Robert C. | |
| 700 | 1 | _aMuñoz de Bustillo, Francisco | |
| 856 | 4 | 1 |
_uhttps://www.biblioeco.unsa.edu.ar/pmb/images/libros/L126287.jpg _yImagen de portada _qimage/jpeg |
| 999 |
_c3318 _d3318 |
||